000 00728cad a22002055a 4500
001 L154374
008 111122e20111121xxk 000 0 eng d
035 _a(Sirsi) u154374
041 0 _aeng
110 2 _aRoyal Institution of Chartered Surveyors
_94900
245 0 0 _aRICS comment on government housing strategy
_h[electronic resource]
260 _c2011
490 _aRICS News
_v21 November 2011
520 _aRICS comments on Government's Housing Strategy: Laying the Foundations (L154369)
590 _aKA
651 4 _aEngland
_y886-
690 _aPROPERTY-RESIDENTIAL PROPERTY
856 4 0 _uhttps://www.rics.org/site/scripts/news_article.aspx?newsID=2519
_zView the item free of charge at www.rics.org
942 _n0
999 _c83598
_d83598